[Event "LXXII ch-CRC Fase 1"]
[Site "Moravia CRC"]
[Date "2008.05.19"]
[Round "3"]
[White "Vives,D"]
[Black "Granados,C"]
[Result "1/2-1/2"]
[WhiteElo "2070"]
[BlackElo "2201"]

1.e4 c5 2.Nc3 e6 3.Nf3 a6 4.d4 cxd4 5.Nxd4 Qc7 6.g3 Nf6 7.Bg2 Be7 8.O-O d6
9.h3 Nc6 10.Be3 O-O 11.f4 Bd7 12.Nb3 Rab8 13.g4 b5 14.g5 Ne8 15.Ne2 g6 16.Ned4 Ng7
17.Nxc6 Bxc6 18.Nd4 Bd7 19.Rf2 f6 20.h4 e5 21.Ne2 fxg5 22.hxg5  1/2-1/2

[Event "Mayors Cup Open"]
[Site "Mumbai IND"]
[Date "2008.05.19"]
[Round "11"]
[White "Preethi,R"]
[Black "Vaibhav,S"]
[Result "1-0"]
[WhiteElo "2180"]
[BlackElo "2013"]

1.e4 c5 2.Nf3 e6 3.d4 cxd4 4.Nxd4 a6 5.Nc3 Qc7 6.Bd3 Nf6 7.O-O b5 8.Be3 Bb7
9.f3 Be7 10.Kh1 Nc6 11.a3 h6 12.Qe2 Nxd4 13.Bxd4 e5 14.Bf2 O-O 15.Bh4 Rfe8
16.g4 Rad8 17.Rad1 g5 18.Bg3 Bc5 19.h4 Kg7 20.Kg2 Nh7 21.Nd5 Qb8 22.Rh1 Rh8
23.b4 Ba7 24.Ne7 Nf6 25.hxg5 hxg5 26.Qd2 Nh7 27.Rxh7+ Rxh7 28.Qxg5+ Kf8 29.Bxe5 Be3
30.f4 Qa8 31.Nd5 d6 32.Qe7+ Kg8 33.Nf6+ Kg7 34.Nxh7+ dxe5 35.Qxe5+ Kg8 36.Nf6+ Kf8
37.Rh1  1-0

[Event "TCh-CHN Torch Real Estate Cup"]
[Site "Jiangsu Wuxi CHN"]
[Date "2008.05.20"]
[Round "8"]
[White "Peng Xiaomin"]
[Black "Qiao Liang"]
[Result "1/2-1/2"]
[WhiteElo "2590"]
[BlackElo "2348"]

1.e4 c5 2.Nf3 e6 3.Nc3 a6 4.d4 cxd4 5.Nxd4 Qc7 6.Be2 Nf6 7.O-O Nc6 8.Be3 Be7
9.f4 d6 10.a4 O-O 11.Kh1 Re8 12.Bd3 Nb4 13.a5 Bd7 14.Qe1 Ng4 15.Bg1 e5 16.fxe5 Nxe5
17.Qg3 Bf8 18.Nf5 g6 19.Bb6 Qc8 20.Rad1 Kh8 21.Ne3 Be6 22.Be2 Rb8 23.Rd4 Nbc6
24.Rd2 Nxa5 25.Ncd5 Bxd5 26.exd5 Nac4 27.Bxc4 Nxc4 28.Bd4+ Ne5 29.Rxf7 Bg7
30.Nf5 Nxf7 31.Nxg7 Re4 32.Ne6+ Kg8 33.b3 Rxe6 34.dxe6 Qxe6 35.h3 Re8 36.Kh2 Nh6
37.Bb2 Nf5 38.Qf3 Qe4 39.Qxe4 Rxe4 40.g4 Ne7 41.Kg3 Re6 42.Ba3 Nc8 43.Rd3 Kf7
44.Kh4 h6 45.Rc3 Ne7 46.Rd3 d5 47.Kg3 g5 48.Kf3 Re5 49.Bd6 Re6 50.Bxe7 Kxe7
51.Rxd5 Re1 52.Rd3 Ke6 53.c4 Ke5 54.Rd7 Rh1 55.Kg2 Rb1 56.Rxb7 Kf4 57.Rf7+ Ke4
58.Rb7 Kf4 59.b4 Rb2+ 60.Kg1  1/2-1/2

[Event "ch-LTU"]
[Site "Kaunas LTU"]
[Date "2008.05.20"]
[Round "5"]
[White "Savickas,A"]
[Black "Kveinys,A"]
[Result "0-1"]
[WhiteElo "2373"]
[BlackElo "2515"]

1.e4 c5 2.Nf3 e6 3.Nc3 a6 4.d4 cxd4 5.Nxd4 Qc7 6.Be2 Nf6 7.O-O Nc6 8.Kh1 Be7
9.f4 d6 10.Be3 O-O 11.Qe1 Nxd4 12.Bxd4 b5 13.a3 Bb7 14.Qg3 Bc6 15.Rae1 Qb7
16.Bd3 g6 17.f5 e5 18.Be3 Nh5 19.Qf3 Bf6 20.Bh6 Bg7 21.Bxg7 Kxg7 22.f6+ Kh8
23.Qe3 Nf4 24.Nd5 Bxd5 25.exd5 Qa7 26.Qe4 Rac8 27.g3 Nxd3 28.Qxd3 Qc5 29.c3 Qc4
30.Qd2 Rg8 31.h3 g5 32.Kh2 Rc5 33.Rd1 Qe4 34.Rfe1 Qg6 35.Rf1 Rgc8 36.Rf2 h6
37.Qe3 a5 38.Qe2 Kh7 39.Qe3 R8c7 40.Kg2 Rb7 41.b4 axb4 42.cxb4 Rc4 43.Rc1 Rbc7
44.Rxc4 Rxc4 45.Re2 Rd4 46.Qf3 Rd3 47.Re3 Rxe3 48.Qxe3 Qc2+ 49.Qf2 Qxf2+
50.Kxf2 Kg6 51.g4 Kxf6 52.Ke3 Kg6 53.Ke4 f5+ 54.gxf5+ Kf6 55.Kd3 Kxf5 56.a4 bxa4
57.b5 a3 58.Kc2 a2 59.Kb2 e4 60.Kxa2 e3 61.b6 e2 62.b7 e1=Q 63.b8=Q Qd2+
64.Ka3 Qd3+ 65.Kb2 Qxd5 66.Qf8+ Kg6 67.Qe8+ Qf7 68.Qc6 Qf6+ 69.Kc1 Qe5 70.Kd1 h5
71.Qc8 h4 72.Kd2 Kf6 73.Qf8+ Ke6 74.Qc8+ Kf7 75.Qd7+ Kf6 76.Qc8 Qd5+  0-1

[Event "VI Regina Helena Prol"]
[Site "Santos BRA"]
[Date "2008.05.21"]
[Round "5"]
[White "Campelo,L"]
[Black "Diamant,A"]
[Result "1/2-1/2"]
[WhiteElo "2248"]
[BlackElo "2407"]

1.e4 c5 2.Nf3 e6 3.d4 cxd4 4.Nxd4 a6 5.Nc3 Nc6 6.Be3 Nf6 7.Bd3 Qc7 8.O-O Nxd4
9.Bxd4 Bc5 10.Bxc5 Qxc5 11.Kh1 d6 12.f4 e5 13.Qe1 O-O 14.Qh4 exf4 15.Nd5 Nxd5
16.exd5 g6 17.Rxf4 Qxd5 18.Bc4 Qe5 19.Bxf7+ Kg7 20.Re1 g5 21.Rxe5 gxh4 22.Re7 Kh6
23.Rxh4+ Kg5 24.Rxh7 Bf5 25.Rg7+ Kf6 26.Bb3 b5 27.Kg1 a5 28.c3 a4 29.Bd5 a3
30.bxa3 Rxa3 31.Bb3 Ra6 32.h3 Rc6 33.g4 Be4 34.Rc7 Rxc7 35.Rxc7 Kg5 36.Re7 Ba8
37.Re3 Kf4 38.Kf2 Be4 39.Be6 d5 40.Bd7 Ra8 41.Bxb5 Rxa2+ 42.Be2 Ra1 43.Rg3 Rh1
44.Bf3  1/2-1/2

[Event "VI Regina Helena Prol"]
[Site "Santos BRA"]
[Date "2008.05.21"]
[Round "5"]
[White "Fier,A"]
[Black "Perdomo,C"]
[Result "1-0"]
[WhiteElo "2527"]
[BlackElo "2353"]

1.e4 c5 2.Nf3 e6 3.d4 cxd4 4.Nxd4 a6 5.Nc3 Qc7 6.Be2 b5 7.O-O Bb7 8.Re1 Nc6
9.Nxc6 dxc6 10.e5 Rd8 11.Bd3 c5 12.Qg4 Ne7 13.Bg5 Rd4 14.Qg3 c4 15.Bxe7 Qxe7
16.Be4 h5 17.Rad1 Rxd1 18.Rxd1 Qc7 19.Qf3 Bc8 20.Bc6+ Ke7 21.Nxb5 Qxe5 22.Na7 f5
23.Nxc8+ Kf6 24.Nb6 Qxb2 25.Nd7+ Kg6 26.Qg3+ Kh7 27.Ne5 g5 28.Rd7+ Bg7 29.Rxg7+  1-0

[Event "VI Regina Helena Prol"]
[Site "Santos BRA"]
[Date "2008.05.21"]
[Round "5"]
[White "Di Berardino,D"]
[Black "Lujan,C"]
[Result "1/2-1/2"]
[WhiteElo "2431"]
[BlackElo "2365"]

1.e4 c5 2.Nf3 e6 3.d4 cxd4 4.Nxd4 a6 5.Nc3 b5 6.Bd3 Bb7 7.O-O Nc6 8.Nxc6 Bxc6
9.Qe2 Bc5 10.Be3 Bxe3 11.Qxe3 Ne7 12.e5 O-O 13.Rad1 f5 14.exf6 Rxf6 15.f4 Nf5
16.Bxf5 Rxf5 17.Ne4 Bxe4 18.Qxe4 Qb6+ 19.Qd4 Qxd4+ 20.Rxd4 d5 21.Re1 Rf6
22.a4 Rc8 23.c3 Rc4 24.axb5 axb5 25.g3 Kf7 26.Ra1 Kg6 27.Kg2 Kf5 28.Kf3 h5
29.Re1 Rh6 30.Ra1 Rh8 31.Ra7 g5 32.Rf7+ Kg6 33.Rb7 Rxd4 34.cxd4 g4+ 35.Ke3 h4
36.Rxb5 hxg3 37.hxg3 Rh3 38.Kf2 Rh2+ 39.Kf1 Rd2 40.Rb8 Kf5 41.Rg8 Rxb2 42.Ke1 Ke4
43.Rxg4 Ke3 44.Kd1 Rd2+ 45.Kc1 Rxd4 46.Rg6 Re4 47.Kd1 d4 48.Rg5 Kd3 49.Ra5 Re3
50.Ra3+ Ke4 51.Ra6 Kf3 52.Ra4 Rd3+ 53.Kc2 Ke3 54.Ra6 Rc3+ 55.Kd1 Kf3 56.Rxe6 Kxg3  1/2-1/2

[Event "VI Regina Helena Prol"]
[Site "Santos BRA"]
[Date "2008.05.22"]
[Round "6"]
[White "Lujan,C"]
[Black "Perdomo,C"]
[Result "1-0"]
[WhiteElo "2365"]
[BlackElo "2353"]

1.e4 c5 2.Nf3 e6 3.d4 cxd4 4.Nxd4 a6 5.Nc3 Qc7 6.Be2 Nf6 7.O-O Nc6 8.Kh1 Nxd4
9.Qxd4 Bc5 10.Qd3 Be7 11.f4 d6 12.Qg3 O-O 13.Be3 b5 14.e5 Ne8 15.Bd3 Bb7
16.Rae1 Rd8 17.Qh3 g6 18.Bf2 b4 19.Ne4 Bxe4 20.Rxe4 d5 21.Ree1 Ng7 22.Bh4 f6
23.Qe3 fxe5 24.Bxe7 Qxe7 25.Qxe5 Qd6 26.g3 a5 27.Qd4 Rc8 28.Re5 Qc5 29.Qxc5 Rxc5
30.Ra1 Rb8 31.b3 Kf7 32.Re2 Kf6 33.Rae1 Rb6 34.g4 Rc7 35.Kg2 Rf7 36.Re5 Rd6
37.Kg3 Rf8 38.h3 Rc8 39.Kf3 Rc3 40.Kf2 Rc7 41.Ke2 Kf7 42.Kd1 Kf6 43.h4 Rf7
44.Ke2 Rf8 45.a3 bxa3 46.Ra1 Ke7 47.Ke3 Rb6 48.Rxa3 Rb4 49.c4 Kd6 50.Rxa5 Rxb3
51.cxd5 Rxd3+ 52.Kxd3 Rxf4 53.dxe6 Nxe6 54.Reb5 Rxg4 55.Rb6+ Kd7 56.Ra7+ Nc7
57.Rbb7 Rg3+ 58.Ke4 Rc3 59.Ke5 Rc6 60.Kf4 Rc5 61.Kg4 Kd6 62.Rb8 Rc4+ 63.Kg3 Rc3+
64.Kf2 Rc4 65.Rb6+ Ke7 66.Rbb7 Kd6 67.Kf3 Rc3+ 68.Ke2 Rc4 69.Kd3 Rc5 70.Rb8 Rd5+
71.Ke3 Re5+ 72.Kf3 Rf5+ 73.Kg3 Rf7 74.Rb6+ Kc5 75.Rb2 Rd7 76.Rc2+ Kb6 77.Ra1 Rd3+
78.Kf4 Rb3 79.Kg5 Rb5+ 80.Kf6 Rh5 81.Rb1+ Nb5 82.Rcb2 Rf5+ 83.Kg7  1-0

[Event "Open"]
[Site "Conegliano ITA"]
[Date "2008.06.01"]
[Round "3"]
[White "Dgebuadze,A"]
[Black "Genocchio,D"]
[Result "1/2-1/2"]
[WhiteElo "2528"]
[BlackElo "2416"]

1.e4 c5 2.Nf3 e6 3.d4 cxd4 4.Nxd4 a6 5.Nc3 Qc7 6.g3 Bb4 7.Ne2 Be7 8.Bg2 d6
9.O-O Nf6 10.a4 O-O 11.h3 Nc6 12.b3 b6 13.Bb2 Bb7 14.Qd2 Rfd8 15.Rad1 Rac8
16.Qe3 Nb4 17.Nd4 d5 18.exd5 Nbxd5 19.Nxd5 Nxd5 20.Bxd5 exd5  1/2-1/2

[Event "XXX Nezhmetdinov Mem"]
[Site "Kazan RUS"]
[Date "2008.06.01"]
[Round "1"]
[White "Vasiljev,Vasily"]
[Black "Kuporosov,V"]
[Result "0-1"]
[WhiteElo "2121"]
[BlackElo "2448"]

1.e4 c5 2.Nf3 e6 3.d4 cxd4 4.Nxd4 a6 5.Nc3 Qc7 6.Bd3 Nf6 7.Qe2 d6 8.Be3 b5
9.a3 Bb7 10.f4 Nbd7 11.O-O Be7 12.Rae1 g6 13.Nf3 Nc5 14.Bd4 O-O 15.Qf2 Rae8
16.h3 Nh5 17.f5 e5 18.Be3 Bf6 19.Bh6 Bg7 20.Bxg7 Kxg7 21.Qh4 Qd8 22.b4 Qxh4
23.Nxh4 Nxd3 24.cxd3 Nf4  0-1

[Event "ch-CHN w"]
[Site "Beijing CHN"]
[Date "2008.06.02"]
[Round "5"]
[White "Zhang Xiaowen"]
[Black "Wang Xiaohui"]
[Result "1-0"]
[WhiteElo "2361"]
[BlackElo "2211"]

1.e4 c5 2.Nf3 e6 3.d4 cxd4 4.Nxd4 a6 5.Nc3 Nc6 6.Be2 Qc7 7.Be3 Nf6 8.O-O Bb4
9.Na4 b5 10.Nxc6 Qxc6 11.Nb6 Rb8 12.e5 Bb7 13.Bf3 Ne4 14.c4 bxc4 15.a3 Be7
16.Rc1 c3 17.Qd3 Bc5 18.Bxe4 Qxb6 19.Bxc5 Bxe4 20.Qxc3 Qxb2 21.Qg3 Bg6 22.Bd6 Rd8
23.h4 Rg8 24.h5 Bf5 25.Qf3 h6 26.g4 Bh7 27.Rc4 f5 28.Qd3 g6 29.Bc7 Rc8 30.Rd1 Rg7
31.Rb4 Qa2 32.Qxa6 Rxc7 33.Rb8+ Kf7 34.Qd6 gxh5 35.Qf8+  1-0

[Event "ch-CHN w"]
[Site "Beijing CHN"]
[Date "2008.06.04"]
[Round "7"]
[White "Zhang Jilin"]
[Black "Wang Xiaohui"]
[Result "1-0"]
[WhiteElo "2361"]
[BlackElo "2211"]

1.e4 c5 2.Nf3 e6 3.d4 cxd4 4.Nxd4 a6 5.Nc3 Nc6 6.Be2 Qc7 7.O-O Nf6 8.Kh1 Be7
9.f4 d6 10.Be3 O-O 11.Qe1 Bd7 12.Qg3 b5 13.a3 Rfe8 14.Rae1 b4 15.axb4 Nxb4
16.Bf3 e5 17.fxe5 dxe5 18.Bh6 Bf8 19.Nf5 Bxf5 20.exf5 Rac8 21.Bg5 Nd7 22.f6 g6
23.Bg4 Rcd8 24.Qh3 Qc6 25.Re4 a5 26.Be2 Qe6 27.Qg3 Nc5 28.Rh4 Qc8 29.Bg4 Qa6
30.Be2 Qc8 31.Bb5 Nc6 32.Bh6 Rd4 33.Rxd4 exd4 34.Bxf8 Rxf8 35.Nd5 Re8 36.Bxc6 Qxc6
37.Ne7+ Rxe7 38.fxe7 Qe8 39.Qd6 Ne6 40.Rd1 h5 41.Rxd4 Kh7 42.Qd7  1-0

[Event "XXX Nezhmetdinov Mem"]
[Site "Kazan RUS"]
[Date "2008.06.04"]
[Round "4"]
[White "Denisov,I"]
[Black "Ogloblin,N"]
[Result "1-0"]
[WhiteElo "2118"]
[BlackElo "2369"]

1.e4 c5 2.Nf3 e6 3.d4 cxd4 4.Nxd4 a6 5.Nc3 Qc7 6.Bd3 Nf6 7.f4 Bc5 8.Nb3 Bb4
9.Bd2 Bxc3 10.bxc3 d6 11.Qf3 Nbd7 12.c4 e5 13.f5 b6 14.g4 h6 15.Kf2 Bb7 16.Rae1 a5
17.g5 hxg5 18.Bxg5 a4 19.Nd2 Qc5+ 20.Kf1 Qa3 21.Rb1 Qc3 22.c5 Qxc5 23.Be3 Qc7
24.Rb4 d5 25.Kf2 Rh4 26.Rhb1 dxe4 27.Nxe4 Nxe4+ 28.Rxe4 Bxe4 29.Bxe4 Rc8
30.Bg5 Rxe4 31.Qxe4 Qxc2+ 32.Qxc2 Rxc2+ 33.Kf3 Rxa2 34.Rb4 f6 35.Be3 a3 36.h4 Rb2
37.Ra4 a2 38.Ra8+ Ke7 39.Ra7 Kd6  1-0

[Event "XXX Nezhmetdinov Mem"]
[Site "Kazan RUS"]
[Date "2008.06.05"]
[Round "5"]
[White "Sadykov,Ra"]
[Black "Dimukhametov,A"]
[Result "0-1"]
[WhiteElo "2161"]
[BlackElo "2295"]

1.e4 c5 2.Nf3 e6 3.d4 cxd4 4.Nxd4 a6 5.Nc3 Qc7 6.g3 b6 7.Bg2 Bb7 8.O-O d6
9.f4 Nd7 10.f5 e5 11.Nb3 Ngf6 12.Be3 Be7 13.a4 Rc8 14.g4 h6 15.Qe2 Qc4 16.Qf3 d5
17.Nd2 Qb4 18.Nxd5 Nxd5 19.exd5 Rxc2 20.Ne4 Rxg2+ 21.Qxg2 Bxd5 22.f6 gxf6
23.Rac1 Bxe4 24.Qh3 Bc5 25.Bxc5 Nxc5 26.g5 Qd4+ 27.Rf2 f5 28.b4 Nd3 29.Rc8+ Kd7  0-1

[Event "ch-CHN w"]
[Site "Beijing CHN"]
[Date "2008.06.06"]
[Round "9"]
[White "Hou Yifan"]
[Black "Wang Xiaohui"]
[Result "1-0"]
[WhiteElo "2549"]
[BlackElo "2211"]

1.e4 c5 2.Nf3 e6 3.d4 cxd4 4.Nxd4 a6 5.Nc3 Qc7 6.Bd3 Nc6 7.Nxc6 bxc6 8.O-O d5
9.Re1 d4 10.Ne2 e5 11.c3 dxc3 12.Nxc3 Nf6 13.h3 Bb4 14.Qc2 h6 15.a3 Bd6 16.Be3 O-O
17.Rac1 a5 18.Na4 Bd7 19.Nb6 Rab8 20.Nc4 Rfe8 21.Qa4 Be7 22.Bd2 Be6 23.Bxa5 Qa7
24.b4 Qd4 25.Qc2 Rb7 26.Bf1 Rc8 27.Nb6 Rxb6 28.Rcd1 Rxb4 29.Bxb4 Qa7 30.Bxe7 Qxe7
31.Qc3 Ra8 32.Qxe5 Rxa3 33.Rc1 Nd7 34.Qf4 c5 35.Bb5 Ra5 36.Bxd7 Qxd7 37.Qe5 Qd2
38.Red1 Qe2 39.Re1 Qd2 40.Qc3 Qxc3 41.Rxc3 h5 42.f4 f6 43.Kf2 c4 44.Kf3 Kf8
45.Rb1 f5 46.exf5 Rxf5 47.Rb8+ Ke7 48.Re3 Rf6 49.g4 hxg4+ 50.hxg4 Kf7 51.Rb7+ Kf8
52.Re5 Kg8 53.g5 Bc8 54.Re8+  1-0

[Event "XXX Nezhmetdinov Mem"]
[Site "Kazan RUS"]
[Date "2008.06.06"]
[Round "6"]
[White "Azarov,S"]
[Black "Shaposhnikov,E"]
[Result "1/2-1/2"]
[WhiteElo "2585"]
[BlackElo "2553"]

1.e4 c5 2.Nf3 e6 3.d4 cxd4 4.Nxd4 a6 5.Nc3 Qc7 6.Be2 Nf6 7.O-O Bb4 8.Re1 O-O
9.Bf1 Bxc3 10.bxc3 d6 11.Nb3 b6 12.Bg5 Nbd7 13.Qd3 Bb7 14.Rad1 d5 15.exd5 Bxd5
16.c4 Bc6 17.Qd6 Rfc8 18.Qxc7  1/2-1/2

[Event "XXX Nezhmetdinov Mem"]
[Site "Kazan RUS"]
[Date "2008.06.06"]
[Round "6"]
[White "Kalegin,E"]
[Black "Skomorokhin,R"]
[Result "1/2-1/2"]
[WhiteElo "2510"]
[BlackElo "2378"]

1.e4 c5 2.Nf3 e6 3.Nc3 a6 4.d4 cxd4 5.Nxd4 d6 6.Bd3 Nf6 7.O-O Nbd7 8.Be3 Ne5
9.h3 Be7 10.f4 Nxd3 11.cxd3 O-O 12.Qf3 Nd7 13.Rad1 a5 14.Ndb5 a4 15.Qf2 Ra5
16.Na7 Nc5 17.Nxc8 Qxc8 18.d4 Nd7 19.Rc1 Qa8 20.d5 Nc5 21.Rfd1 Qa6 22.Rc2 Re8
23.dxe6 fxe6 24.Rcd2 Qc6 25.Qf3 Bf8 26.Kh1 Raa8 27.a3 b5 28.Bxc5 dxc5 29.Qe2 b4
30.Nb5 c4 31.Nd4 Qc7 32.e5 c3 33.Rc2 Qf7 34.axb4 cxb2 35.Rxb2 Qxf4 36.Nc6 a3
37.Rbd2 Rec8 38.Rf1 Qxf1+ 39.Qxf1 Rxc6 40.Qb1 Rc4 41.Qb3 Rxb4 42.Qxe6+ Kh8
43.Qd5 Rba4 44.Ra2 R4a5 45.Qf3 Re8 46.Rf2 h6 47.Qc3 Raa8 48.Qc6 Rac8 49.Qd5 Rcd8
50.Qb5 Rb8 51.Qd5 Rbd8 52.Qe4 Bc5 53.Re2 Ra8 54.Qd5 Bb4 55.e6 Rad8 56.Qb3 Rb8
57.g4 Be7 58.Qd5 Red8 59.Qc4 Rdc8 60.Qa2 Rc3 61.Qd5 Rxh3+ 62.Kg2 Rhb3 63.Qe5 R3b5
64.Qc7 R5b7 65.Qe5 Rb5 66.Qc7 R5b7  1/2-1/2

[Event "Alushta Summer-3"]
[Site "Alushta UKR"]
[Date "2008.06.07"]
[Round "8"]
[White "Rausis,I"]
[Black "El Gindy,E"]
[Result "1/2-1/2"]
[WhiteElo "2512"]
[BlackElo "2507"]

1.e4 c5 2.Nf3 e6 3.d4 cxd4 4.Nxd4 a6 5.Nc3 b5 6.Bd3 Qb6 7.Nb3 Qc7 8.O-O Nf6
9.a4 b4 10.Na2 Bb7 11.Qe2 d5 12.e5 Ne4 13.c3 bxc3 14.bxc3 Nd7 15.Bf4 Be7
16.c4 dxc4 17.Bxc4 g5 18.Be3 Nxe5 19.Rfc1 Nxc4 20.Rxc4 Qb8 21.Na5 Bd5 22.Rxe4 Bxe4
23.Bd4 O-O 24.Qxe4 Qf4 25.Nc3 Rac8 26.Qxf4 gxf4 27.Ne2 Rfd8 28.Nb3 f6 29.Nxf4 e5
30.Bb6 Rd6 31.Bc5 exf4 32.Bxd6 Bxd6 33.Rc1 Rb8 34.Rc3 Rb4 35.a5 Be5 36.Rd3 Kf7
37.g3 Rb5 38.Kg2 Ke7 39.Kf3 fxg3 40.hxg3 Bc7 41.Nd4 Rc5 42.Re3+ Kf7 43.Ne6  1/2-1/2

[Event "XXX Nezhmetdinov Mem"]
[Site "Kazan RUS"]
[Date "2008.06.07"]
[Round "7"]
[White "Vasiljev,Vasily"]
[Black "Kamov,I"]
[Result "0-1"]
[WhiteElo "2121"]
[BlackElo "2252"]

1.e4 c5 2.Nf3 e6 3.d4 cxd4 4.Nxd4 a6 5.Nc3 Qc7 6.Be3 Nf6 7.Bd3 b5 8.Qe2 Be7
9.Nf3 Nc6 10.O-O O-O 11.Bg5 Ng4 12.g3 Bc5 13.Nd1 Bb7 14.Bf4 Nge5 15.Nxe5 Nxe5
16.a4 b4 17.Ne3 d6 18.Bxe5 dxe5 19.Nc4 f5 20.Rae1 Bd4 21.b3 Bc3 22.Rd1 Qc5
23.Kg2 f4 24.f3 h5 25.Nd2 Rf6 26.Bc4 Bd4 27.Nb1 g5 28.Kh1 Kf7 29.Qg2 g4 30.Bd3 Rg8
31.Nd2 h4 32.fxg4 hxg3 33.Qh3 Kg7 34.g5 Rg6 35.Qg4 gxh2 36.Nf3 Be3 37.Bc4 Bxe4
38.Rd7+ Kf8 39.Rfd1 Qc6 40.Rd8+ Ke7 41.R1d7+ Qxd7 42.Rxd7+ Kxd7 43.Kxh2 Kd6
44.Bd3 Bxf3  0-1

[Event "115th ch-SCO"]
[Site "Glasgow SCO"]
[Date "2008.06.08"]
[Round "4"]
[White "Green,An"]
[Black "Donohue,T"]
[Result "1/2-1/2"]
[WhiteElo "2021"]
[BlackElo "1855"]

1.e4 c5 2.Nf3 e6 3.d4 cxd4 4.Nxd4 a6 5.Nc3 Qc7 6.Qf3 Nc6 7.Nxc6 bxc6 8.Bf4 Bd6
9.Bxd6 Qxd6 10.Qg3 Qxg3 11.hxg3 d5 12.e5 f6 13.exf6 Nxf6 14.f4 Ng4 15.Bd3 e5
16.Bxh7 Ke7 17.Kd2 e4 18.Bg6 Bd7 19.Bh5 Nf6 20.Bg6 c5 21.Rh4 Rxh4 22.gxh4 Rh8
23.h5 Bg4 24.Rh1 Rh6 25.Ne2 Nxh5 26.Bxh5 Rxh5 27.Rxh5 Bxh5 28.Ng3 Bg6 29.f5 Bh7
30.Ke3 Kf6 31.Kf4  1/2-1/2

[Event "TCh-BIH w"]
[Site "Neum BIH"]
[Date "2008.06.08"]
[Round "5"]
[White "Hadziselimovic,M"]
[Black "Mladenovic,J"]
[Result "0-1"]
[WhiteElo "1698"]
[BlackElo "2133"]

1.e4 c5 2.Nf3 e6 3.d4 cxd4 4.Nxd4 a6 5.Nc3 Nc6 6.Be2 Qc7 7.Be3 Nf6 8.O-O Bb4
9.f3 O-O 10.Qd2 d5 11.Bd3 Nxd4 12.Bxd4 e5 13.a3 exd4 14.axb4 dxc3 15.bxc3 dxe4
16.Bxe4 Nxe4 17.fxe4 Be6 18.Qe3 Rac8 19.Rf3 Rfd8 20.Rg3 Qe5 21.Qb6 Qxe4 22.Re3 Qc6
23.Qxc6 Rxc6 24.Kf1 Bc4+ 25.Kf2 Rf6+ 26.Kg3 h6 27.Re7 b6  0-1

[Event "FSGM June"]
[Site "Budapest HUN"]
[Date "2008.06.09"]
[Round "3"]
[White "Kobese,W"]
[Black "Fogarasi,T"]
[Result "1/2-1/2"]
[WhiteElo "2396"]
[BlackElo "2426"]

1.e4 c5 2.Nf3 e6 3.d4 cxd4 4.Nxd4 a6 5.Nc3 Qc7 6.Bd3 Nf6 7.O-O b5 8.e5 Qxe5
9.Nf5 Bb7 10.Re1 Qc7 11.Bg5 Qc6 12.Ne4 Nxe4 13.Bxe4 d5 14.Qd4 Rg8 15.Rad1 Nd7
16.Bxd5 Qxd5 17.Qxd5 Bxd5 18.Rxd5 h6 19.Bh4 g5 20.Bg3 Nf6 21.Nd6+ Bxd6 22.Rxd6 Ke7
23.f3 Rgd8 24.Red1 Nd5 25.Rxd8 Rxd8 26.Be5 f6 27.Bd4 Rc8 28.Rd2 h5 29.a3 a5
30.Kf1 h4 31.c3 Kf7 32.g3 hxg3 33.hxg3 b4 34.cxb4 axb4 35.a4 b3 36.a5 Ra8
37.Rd3 Rxa5 38.Rxb3  1/2-1/2

[Event "ch-Panamerican U20 Girls"]
[Site "Cali COL"]
[Date "2008.06.12"]
[Round "4"]
[White "Orozco,Lu"]
[Black "Herrera,Mil"]
[Result "0-1"]
[WhiteElo "1946"]
[BlackElo "2007"]

1.e4 c5 2.Nf3 e6 3.d4 cxd4 4.Nxd4 a6 5.Nc3 Qc7 6.f4 Bb4 7.Qf3 Nf6 8.Bd2 d6
9.O-O-O Nc6 10.Nxc6 bxc6 11.e5 dxe5 12.fxe5 Nd5 13.Ne4 Bxd2+ 14.Rxd2 Qxe5
15.c4 f5 16.Nc3 Ne7 17.g4 O-O 18.Bh3 Qc5 19.gxf5 exf5 20.Re1 Ng6 21.Bf1 Ne5
22.Qf4 Ng4 23.h3 Nf6 24.Re5 Qb4 25.a3 Qb8 26.Qd4 Ra7 27.Bg2 Rd7  0-1

[Event "ch-Panamerican U20 Girls"]
[Site "Cali COL"]
[Date "2008.06.12"]
[Round "5"]
[White "Herrera,Mil"]
[Black "Orozco,Li"]
[Result "1-0"]
[WhiteElo "2007"]
[BlackElo "1955"]

1.e4 c5 2.Nf3 e6 3.d4 cxd4 4.Nxd4 a6 5.Nc3 Qc7 6.Be2 Nc6 7.O-O Nf6 8.Be3 Bb4
9.Na4 Be7 10.Nxc6 bxc6 11.Nb6 Rb8 12.Nxc8 Qxc8 13.Bd4 c5 14.Be5 Rb6 15.c4 d6
16.Bc3 Nxe4 17.Bxg7 Rg8 18.Bc3 Nxc3 19.bxc3 Bf6 20.Qd3 h6 21.Rab1 Rxb1 22.Rxb1 Ke7
23.Bf3 Rd8 24.Rb6 Rd7 25.a4 a5 26.g3 Qg8 27.Bc6 Rc7 28.Be4 Be5 29.Kf1 f5
30.Bg2 f4 31.Ra6 Kf6 32.Rxa5 Qg5 33.Qf3 Qf5 34.Bh3 Qxh3+ 35.Ke1 Qf5 36.Ra8 fxg3
37.Rf8+ Rf7 38.Rxf7+ Kxf7 39.Qb7+ Kg6 40.hxg3 Bxc3+ 41.Ke2 Qc2+ 42.Kf1 Qd3+
43.Kg1 Qxc4 44.Qb1+ Kg7 45.Qb7+ Kf6 46.Qf3+ Kg7 47.Qb7+ Kh8 48.Qb8+ Kh7 49.Qxd6 Qd5
50.Qc7+ Kg6 51.a5 Be5 52.Qc8 c4 53.a6 Qd1+ 54.Kh2 Qh5+ 55.Kg2 Qf5 56.Qg8+ Kf6
57.Qf8+ Kg6 58.Qxf5+ exf5 59.a7 c3 60.a8=Q  1-0

[Event "ch-Panamerican U20 Girls"]
[Site "Cali COL"]
[Date "2008.06.13"]
[Round "6"]
[White "Orozco,Lu"]
[Black "Aliaga Fernandez,I"]
[Result "1-0"]
[WhiteElo "1946"]
[BlackElo "2097"]

1.e4 c5 2.Nf3 e6 3.d4 cxd4 4.Nxd4 a6 5.Nc3 Qc7 6.Bd3 Nc6 7.Nxc6 bxc6 8.Qe2 Bd6
9.Qg4 Ne7 10.Qxg7 Rg8 11.Qxh7 Be5 12.Qh3 d5 13.Ne2 Bd7 14.f4 Rh8 15.Qe3 Bd6
16.e5 Bb4+ 17.Bd2 Qb7 18.Rb1 Bxd2+ 19.Kxd2 c5 20.Qxc5 Rc8 21.Qa3 Rc6 22.Nd4 Rb6
23.b3 Rb4 24.c3 Rb6 25.Rbg1 Qc7 26.Qc1 a5 27.g4 Rh4 28.h3 Nc6 29.a3 Kf8 30.Rg2 Ke8
31.Rhh2 Qb7  1-0

[Event "FSGM June"]
[Site "Budapest HUN"]
[Date "2008.06.14"]
[Round "8"]
[White "Fogarasi,T"]
[Black "Bui Vinh"]
[Result "1/2-1/2"]
[WhiteElo "2426"]
[BlackElo "2448"]

1.e4 c5 2.Nf3 e6 3.d4 cxd4 4.Nxd4 a6 5.Nc3 Qc7 6.Bd3 Bc5 7.Nb3 Be7 8.O-O d6
9.f4 Nd7 10.Qe2 Ngf6 11.Bd2 O-O  1/2-1/2

[Event "ch-Panamerican U20 Girls"]
[Site "Cali COL"]
[Date "2008.06.14"]
[Round "8"]
[White "Castrillon Gomez,M"]
[Black "Herrera,Mil"]
[Result "1-0"]
[WhiteElo "1946"]
[BlackElo "2007"]

1.e4 c5 2.Nf3 e6 3.d4 cxd4 4.Nxd4 a6 5.Nc3 Qc7 6.Bd3 Nc6 7.Be3 Nf6 8.O-O b5
9.Nxc6 Qxc6 10.f4 Bb7 11.Qe2 Bc5 12.Bxc5 Qxc5+ 13.Kh1 b4 14.Nd1 h5 15.Nf2 h4
16.Nh3 Qd4 17.Ng5 Nh5 18.f5 f6 19.Nh3 Rh6 20.fxe6 dxe6 21.a3 Ke7 22.axb4 Rah8
23.Qf2 Qxb4 24.Bxa6 Bxe4 25.Qa7+ Kf8 26.Ng5 Bxg2+ 27.Kg1 Qe7 28.Qb8+ Qe8
29.Nxe6+ Kf7 30.Qc7+ Qe7 31.Kxg2 Rg6+ 32.Kf2 Qxc7 33.Nxc7 h3 34.Rg1 Rxg1
35.Rxg1 g5 36.c4 Rb8 37.Bb5 Nf4 38.Rd1 Kg6 39.Nd5 Ne6 40.Kg3 Rh8 41.Rf1 f5
42.Ne7+ Kf6 43.Nxf5 Nf4 44.Ne3 Kg6 45.Rd1 Ne2+ 46.Kf3 Nf4 47.c5 Rf8 48.Kg4 Ne6
49.Rd6 Rf4+ 50.Kg3 Re4 51.Bd3  1-0

[Event "8th TCh-Euro U18"]
[Site "Szeged HUN"]
[Date "2008.06.16"]
[Round "3"]
[White "Ivekovic,Z"]
[Black "Mazur,S"]
[Result "1/2-1/2"]
[WhiteElo "2139"]
[BlackElo "2180"]

1.e4 c5 2.Nf3 e6 3.d4 cxd4 4.Nxd4 a6 5.Nc3 Qc7 6.Be3 Bb4 7.Qd2 Nf6 8.f3 d5
9.Nde2 dxe4 10.O-O-O Nc6 11.a3 Ba5 12.Bc5 b5 13.Qg5 Qe5 14.Qxe5 Nxe5 15.Nxe4 Nxe4
16.fxe4 Bb7 17.Bd4 Bc7 18.Nc3 O-O 19.Be2 Bc6 20.Rhe1 Rfb8 21.g3 a5 22.b4 axb4
23.axb4 Nc4 24.Bxc4 bxc4 25.b5 Bxb5 26.Nxb5 Rxb5 27.Bc3 h5 28.Rd7 Be5 29.Kd2 h4
30.Bxe5 Rxe5 31.gxh4 Ra3 32.Re3 Rxe3 33.Kxe3 Rh5 34.Rc7 Rxh4 35.Rxc4 Rxh2
36.Rc7 g5 37.e5 Kg7 38.c4 Kg6 39.c5 Rc2 40.c6 g4 41.Kf4 Rc4+ 42.Kg3 Kg5 43.Rxf7 Rc3+
44.Kg2 Rxc6 45.Rf6 Ra6 46.Kg3 Ra3+ 47.Kg2 Ra6 48.Kg3 Ra3+ 49.Kg2 Re3 50.Rxe6 Kf4
51.Rf6+ Kxe5 52.Rf8 Ke4  1/2-1/2

[Event "Open"]
[Site "Teplice CZE"]
[Date "2008.06.19"]
[Round "6"]
[White "Korschner,M"]
[Black "Jurcik,Mart"]
[Result "0-1"]
[WhiteElo "2084"]
[BlackElo "2321"]

1.e4 c5 2.Nf3 e6 3.d4 cxd4 4.Nxd4 a6 5.Nc3 Qc7 6.Be3 Nf6 7.a3 b5 8.Bd3 Bb7
9.O-O Nc6 10.Nxc6 Bxc6 11.f4 d6 12.Qe2 Be7 13.f5 e5 14.Rae1 h6 15.g4 Rb8
16.h4 Qd8 17.g5 hxg5 18.hxg5 Nh5 19.Qg4 Nf4 20.Bxf4 exf4 21.g6 Bh4 22.gxf7+ Kxf7
23.Qg6+ Kf8 24.Re2 Rh6 25.Qg4 Bg3 26.Nd5 Rh4 27.Qg6 Be8 28.Qe6 Bf7  0-1

[Event "TCh-ARM"]
[Site "Yerevan ARM"]
[Date "2008.06.20"]
[Round "4"]
[White "Petrosian,TL"]
[Black "Simonian,H"]
[Result "1-0"]
[WhiteElo "2616"]
[BlackElo "2443"]

1.e4 c5 2.Nc3 e6 3.Nf3 a6 4.d4 cxd4 5.Nxd4 b5 6.Bd3 Bc5 7.Nb3 Be7 8.Qg4 g6
9.O-O d6 10.a4 b4 11.Na2 Nc6 12.Bd2 Qb6 13.a5 Qb7 14.Qe2 h5 15.c3 bxc3 16.Bxc3 Nf6
17.Nd2 Ne5 18.Bxe5 dxe5 19.Nc4 Nd7 20.Nc3 O-O 21.Na4 Qb8 22.Ncb6 Nxb6 23.Nxb6 Ra7
24.Rfc1 Rd8 25.Qc2 Bd7 26.Be2 Bg5 27.Rd1 Be8 28.Qc3 Rxd1+ 29.Rxd1 Bd8 30.Qc8 Qxc8
31.Nxc8 Rd7 32.Rxd7 Bxd7 33.Nb6 Bxb6 34.axb6 Bc8 35.f4 Kf8 36.fxe5 Ke7 37.Kf2 Kd7
38.Ke3 Kc6 39.h4 Kxb6 40.Bxh5 Kc7 41.Be2 Kd8 42.b4 Ke7 43.Kf4 Bb7 44.g4 Kf8
45.Bd3 Ke7 46.Kg5  1-0

[Event "Serbia Cup"]
[Site "Zlatibor SRB"]
[Date "2008.06.20"]
[Round "5"]
[White "Pikula,D"]
[Black "Miladinovic,I"]
[Result "1/2-1/2"]
[WhiteElo "2530"]
[BlackElo "2579"]

1.e4 c5 2.Nf3 e6 3.d4 cxd4 4.Nxd4 a6 5.Nc3 Qc7 6.Bd3 Nc6 7.Nxc6 bxc6 8.O-O d5
9.Re1 d4 10.Ne2 e5 11.c3 dxc3 12.Nxc3 Nf6 13.h3 Bc5 14.Bc4 O-O 15.Qf3 Be6  1/2-1/2